Fundamentals of geometry /

Bibliographic Details
Main Author: Eves, Howard, 1911-2004
Format: Book
Language:English
Published: Boston : Allyn and Bacon, [1969]
Series:The Allyn and Bacon series: topics in contemporary mathematics
Subjects:

MARC

Tag First Indicator Second Indicator Subfields
LEADER 00000cam a2200000 4500
001 in00000324021
005 20151011050623.0
008 690317s1969 maua b 00010 eng
010 |a  69013324  
035 |a (OCoLC)00004749 
035 |9 ABK2565AM 
040 |a DLC  |c DLC  |d TXA  |d UtOrBLW 
049 |a TXAM  |c [485558] 
050 0 |a QA445  |b .E89 
082 0 |a 513 
100 1 |a Eves, Howard,  |d 1911-2004. 
245 1 0 |a Fundamentals of geometry /  |c [by] Howard Eves. 
264 1 |a Boston :  |b Allyn and Bacon,  |c [1969] 
300 |a xiii, 237 pages :  |b illustrations ;  |c 21 cm. 
336 |a text  |b txt  |2 rdacontent 
337 |a unmediated  |b n  |2 rdamedia 
338 |a volume  |b nc  |2 rdacarrier 
490 0 |a The Allyn and Bacon series: topics in contemporary mathematics 
504 |a Bibliography: pages 227-228. 
650 0 |a Geometry. 
999 |a MARS 
999 f f |s dd4bff16-4159-3249-8c77-b512876cab11  |i eb374361-e01b-3634-b7e0-2a5728dcaf4b  |t 0 
952 f f |p normal  |a Texas A&M University  |b College Station  |c Sterling C. Evans Library  |d Evans: Library Stacks  |t 0  |e QA445 .E89  |h Library of Congress classification  |i unmediated -- volume  |m A14804546495 
998 f f |a QA445 .E89  |t 0  |l Evans: Library Stacks